100 największych miast we Francji na mapie - Statystyki

Ogólne statystyki
  • Ten quiz został rozwiązany 2 093 razy
    1 656 od ostatniego zresetowania
  • Średni wynik to 23 z 100
Odpowiedzi na mapie
Odpowiedzi zakodowano w zielono-czerwonej skali na mapie do tego quizu, zgodnie z poniższymi procentami.
 
Statystyki odpowiedzi
Populacja Miasto % Poprawnych
2.175 tys. Paryż
100%
868 tys. Marsylia
95%
518 tys. Lyon
94%
257 tys. Bordeaux
82%
341 tys. Nicea
81%
284 tys. Strasburg
76%
233 tys. Lille
74%
486 tys. Tuluza
71%
314 tys. Nantes
67%
139 tys. Brest
63%
290 tys. Montpellier
59%
217 tys. Rennes
58%
156 tys. Dijon
50%
182 tys. Reims
47%
70,8 tys. Ajaccio
46%
86,8 tys. Dunkierka
43%
173 tys. Saint-Étienne
42%
116 tys. Metz
41%
157 tys. Grenoble
40%
73,9 tys. Cannes
39%
72,9 tys. Calais
38%
116 tys. Orlean
37%
104 tys. Nancy
35%
154 tys. Angers
33%
105 tys. Caen
33%
169 tys. Hawr
32%
143 tys. Le Mans
31%
85,2 tys. Wersal
31%
133 tys. Amiens
30%
91,7 tys. Awinion
30%
112 tys. | 150 tys. Saint-Denis
30%
111 tys. Rouen
28%
149 tys. Nîmes
26%
176 tys. Tulon
25%
146 tys. Clermont-Ferrand
22%
136 tys. Tours
22%
61,9 tys. Troyes
22%
76,2 tys. Pau
21%
119 tys. Perpignan
21%
76,1 tys. La Rochelle
20%
131 tys. Limoges
20%
108 tys. Miluza
19%
128 tys. Annecy
18%
63,6 tys. Kajenna
18%
88,6 tys. Poitiers
17%
143 tys. Aix-en-Provence
16%
116 tys. Besancon
15%
121 tys. Boulogne-Billancourt
13%
79,1 tys. Cherbourg-en-Cotentin
13%
68,7 tys. Colmar
13%
64,6 tys. Bourges
12%
63,1 tys. Quimper
11%
94,2 tys. Numea
10%
84,9 tys. Saint-Pierre
10%
64,7 tys. Valence
10%
110 tys. Argenteuil
9%
77,5 tys. Béziers
9%
98,0 tys. Roubaix
9%
150 tys. Villeurbanne
9%
72,9 tys. Antibes
8%
78,1 tys. Fort-de-France
8%
103 tys. Saint-Paul
8%
58,8 tys. Chambéry
7%
92,2 tys. Créteil
7%
109 tys. Montreuil
7%
96,8 tys. Nanterre
7%
59,0 tys. Niort
7%
70,6 tys. Saint-Nazaire
7%
62,4 tys. Clichy
6%
60,9 tys. Montauban
6%
66,3 tys. Cergy
5%
79,3 tys. Le Tampon
5%
71,4 tys. Mamoudzou
5%
97,4 tys. Tourcoing
5%
62,8 tys. Antony
4%
87,5 tys. Aubervilliers
4%
86,2 tys. Aulnay-sous-Bois
4%
77,0 tys. Champigny-sur-Marne
4%
86,0 tys. Colombes
4%
82,1 tys. Courbevoie
4%
72,1 tys. Drancy
4%
63,3 tys. Ivry-sur-Seine
4%
70,8 tys. Mérignac
4%
59,9 tys. Neuilly-sur-Seine
4%
68,1 tys. Noisy-le-Grand
4%
59,0 tys. Pantin
4%
64,3 tys. Pessac
4%
94,6 tys. Vitry-sur-Seine
4%
85,9 tys. Asnières-sur-Seine
3%
67,1 tys. Évry-Courcouronnes
3%
68,2 tys. Issy-les-Moulineaux
3%
62,8 tys. La Seyne-sur-Mer
3%
57,1 tys. Le Blanc-Mesnil
3%
65,8 tys. Levallois-Perret
3%
77,9 tys. Rueil-Malmaison
3%
75,2 tys. Saint-Maur-des-Fossés
3%
58,8 tys. Sarcelles
3%
67,1 tys. Vénissieux
3%
62,7 tys. Villeneuve-d'Ascq
3%
Nie znaleziono quizów pasujących do podanych kryteriów
Rozkład punktacji
Procent ludzi z każdym wynikiem
Percentyl według liczby udzielonych odpowiedzi
Twoja historia wyników
Nie rozwiązałeś tego quizu od ostatniego zresetowania